00873nam a22001817a 4500008004100000020001500041020001800056082002200074100005600096245019000152260013700342300003000479600006000509650005800569700001800627700002700645700001900672160518b xxu||||| |||| 00| 0 eng d a9977966052 a9789977966052 a759.972.86bH565m aFabio Herrera; Ulrich Pegels; Victor Zamudio-Taylor aFabio Herrera : magia bpinturas realizadas en sus estudios en Manhattan, Nuevo York y Tibás, Costa Rica de los años 1994 - 1997cFabio Herrera; Ulrich Pegels; Victor Zamudio-Taylor aSan José, C.R.bLitografía e Impr. Imperial [S.l.] Ed. de la Colección Pegels-Rojas de Arte Contemporaneo Costarricense c2000 aunpagedbill, col. c27cm aFabio Herrera Martinez 1954-vCatalogo de exhibición aPintura costarricensevArte costarricense y1994-1997 aFabio Herrera a Victor Zamudio-Taylor a Ulrich Pegels